00493nam a22001577a 4500010001500000020002600015035001400041037001300055082001700068100001900085245008500104260003500189270008100224300002400305505000600329 aENG-121335 a9789385285837c495.00 aEN-104867 bDBAD/PUB a344.73014133 aTandon, Amish  aLaw of sexual harassment at workplace :cby Amish TandonbPractice & procedure / aNew Delhi bNiyogi Booksc2017 aBlock D, Building No. 77, Okhla Industrial Area, Phase-IbNew Delhi e110020 a286p. c22cm (pbk). a